000
00199nam a2200085Ia 4500
008
170617s9999 xx 000 0 und d
100
_a
Prescott and Dunn
245
0
_a
Pharmaceutical Biotechnology
260
_b
CBS
260
_c
2004
999
_c
15129
_d
15129